| 000 | 00547nam a2200157Ia 4500 | ||
|---|---|---|---|
| 008 | 181023s9999 xx 000 0 und d | ||
| 020 | _a9789813150294 | ||
| 100 | _aHurt, Robert L. | ||
| 245 |
_cRobert L. Hurt.-- _aAccounting information systems : _bbasic concepts and current issues / |
||
| 250 | _a4th ed | ||
| 260 |
_aNew York : _bMcGraw Hill _c2016 |
||
| 300 | _axviii, 360 pages. | ||
| 500 | _aIncludes glossaries and index. | ||
| 650 | _aAccounting -- data processing. | ||
| 650 | _aInformation storage and retrieval systems -- accounting. | ||
| 999 |
_c359374 _d359374 |
||